000 00331nam a22001457a 4500
008 230321b ||||| |||| 00| 0 eng d
020 _a9780312413132
041 _aeng
080 _25 EDITION
_a004
082 _a004LUN
100 _a18
101 _aSHKP
245 _aTHE ST.MARTIN'S HANDBOOK
_cLUNSFORD.A.A
942 _2udc
_cBK
999 _c59413
_d59413